Modelové vyjádření ekonomické efektivnosti odvětví s použitím metody intervalových a cyklických grafů.

Uplatnenie metódy intervalových a cyklických grafov pri vyjadrení výrobných procesov v poľnohospodárskych podnikoch. Porovnávanie nákladov a tržieb jednotlivých odvetví. Ocenenie novopridanej hodnoty ako podklad pre výpočet miery rentability.

Na minha lista:
Detalhes bibliográficos
Autor principal: Hampl, O.
Formato: Capítulo de Livro
Idioma:tcheco
Assuntos:
Tags: Adicionar Tag
Sem tags, seja o primeiro a adicionar uma tag!

MARC

LEADER 00000naa a2200000 4500
001 r006206
005 20221125081632.1
041 0 |a cze 
044 |a [CS] 
245 1 0 |a Modelové vyjádření ekonomické efektivnosti odvětví s použitím metody intervalových a cyklických grafů.  |c O. Hampl 
520 |a Uplatnenie metódy intervalových a cyklických grafov pri vyjadrení výrobných procesov v poľnohospodárskych podnikoch. Porovnávanie nákladov a tržieb jednotlivých odvetví. Ocenenie novopridanej hodnoty ako podklad pre výpočet miery rentability. 
610 2 0 |a modely ekonomicko-matematické 
610 2 0 |a efektívnosť ekonomická 
610 2 0 |a grafy 
610 2 0 |a podnik poľnohospodársky 
610 2 0 |a náklady vlastné 
610 2 0 |a rentabilita 
100 1 |a Hampl, O.